Diagrams: a visual survey of graphs, maps, charts: and diagrams for the graphic designer
Guardat en:
| Autor principal: | |
|---|---|
| Format: | Llibre |
| Idioma: | espanyol |
| Publicat: |
Londres
Studio Vista
1969
|
| Matèries: | |
| Etiquetes: |
Afegir etiqueta
Sense etiquetes, Sigues el primer a etiquetar aquest registre!
|
MARC
| LEADER | 00000nam a2200000 a 4500 | ||
|---|---|---|---|
| 001 | UCT0903 | ||
| 003 | CL-VaPUC | ||
| 008 | 960913e19690000UK |||||||||||||||||spa|d | ||
| 082 | 0 | 4 | |a 760 |b LOC |2 21 |
| 100 | |a Lockwood, Arthur |e autor |9 369492 | ||
| 245 | 1 | 0 | |a Diagrams: a visual survey of graphs, maps, charts: and diagrams for the graphic designer |
| 300 | |a 144 p | ||
| 942 | |c BK | ||
| 945 | |d 19960913 00:00:00 |a nastorga | ||
| 260 | |a Londres |b Studio Vista |c 1969 | ||
| 650 | 0 | |a Artes gráficas |9 265865 | |
| 650 | 0 | |a Mapas |9 260844 | |
| 650 | 0 | |a Cartas |9 321777 | |
| 650 | 7 | |a DIAGRAMAS |2 CL-VaPUC |9 338544 | |
| 650 | 7 | |a TECNICAS |2 CL-VaPUC |9 315860 | |
| 650 | 0 | |a Muestreo |9 270457 | |
| 650 | 0 | |a Estadística |9 259535 | |
| 650 | 0 | |a Material visual |9 327831 | |
| 650 | 7 | |a METODOS GRAFICOS |2 CL-VaPUC |9 270310 | |
| 583 | |a last modification |c 19960913 00:00:00 |k Rodrigo Vera | ||
| 999 | |c 251591 |d 251589 | ||
| 952 | |0 0 |1 0 |4 0 |6 760_000000000000000_LOC_1969 |7 0 |8 A |9 270865 |a BIBARQ |b BIBARQ |d 2019-11-19 |i 3230295 |l 1 |o 760 LOC 1969 |p 3230295 |r 2025-01-20 |s 2022-04-27 |w 2019-11-19 |y BK |k ARQ | ||
| 952 | |0 0 |1 0 |4 0 |6 760_000000000000000_LOC_1969 |7 0 |8 A |9 270866 |a BIBARQ |b BIBARQ |d 2019-11-19 |i 3230309 |o 760 LOC 1969 |p 3230309 |r 2025-01-20 |w 2019-11-19 |y BK |k ARQ | ||